Elements of civil engineering / (Record no. 39061)

MARC details
000 -LEADER
fixed length control field 03444nam a22004217a 4500
005 - DATE AND TIME OF LATEST TRANSACTION
control field 2010080302182.0
010 ## - LCCN (DPL NO)
LC control number ENG-98003 B-427589-601
020 ## - INTERNATIONAL STANDARD BOOK NUMBER
International Standard Book Number 9788120340978
Terms of availability 195.00
035 ## - SYSTEM CONTROL NUMBER
System control number EN-81536 B-427589-601
037 ## - SOURCE OF ACQUISITION
Source of stock number/acquisition DBAD/PUB
037 ## - SOURCE OF ACQUISITION
Source of stock number/acquisition Allied Pub/Ven
082 ## - DEWEY DECIMAL CLASSIFICATION NUMBER
Classification number 624.0151825
100 ## - MAIN ENTRY--PERSONAL NAME
Personal name Saikia, Mimi Das
245 ## - TITLE STATEMENT
Title Elements of civil engineering /
Statement of responsibility, etc by Mimi Das Saikia, Bhargav Mohan Das [and ] Madan Mohan Das
260 ## - PUBLICATION, DISTRIBUTION, ETC. (IMPRINT)
Place of publication, distribution, etc New Delhi
Name of publisher, distributor, etc PHI Learning
Date of publication, distribution, etc 2010
270 ## - ADDRESS
Address M-97, Connaught Circus
City New Delhi
Postal code 110001
300 ## - PHYSICAL DESCRIPTION
Extent xviii, 214p.
Dimensions 24cm (pbk)
500 ## - GENERAL NOTE
General note Includes index
650 ## - SUBJECT ADDED ENTRY--TOPICAL TERM
Topical term or geographic name as entry element Civil engineering
700 ## - ADDED ENTRY--PERSONAL NAME
Personal name Das, Bhargav Mohan
9 (RLIN) 5521
700 ## - ADDED ENTRY--PERSONAL NAME
Personal name Das, Madan Mohan
9 (RLIN) 5522
942 ## - ADDED ENTRY ELEMENTS (KOHA)
Source of classification or shelving scheme Dewey Decimal Classification
Item type English Books
Classification part 624.0151825
Call number suffix SAI
Holdings
Withdrawn status Lost status Not for loan Collection code Home library Current library Date acquired Source of acquisition Cost, normal purchase price Full call number Barcode Copy number Cost, replacement price Koha item type
      Non-fiction Bawana Bawana 09/05/2011 Allied Pub/2846/22.3.11/78/14.3.11/29.3.11 195.00 624.0151825 SAI B-427597 1 195.00 English Books
  Lost and Paid For   Non-fiction Central Library Central Library 09/05/2011 Allied Pub/2846/22.3.11/78/14.3.11/29.3.11 195.00 624.0151825 SAI B-427589 1 195.00 English Books
    Not For Loan Non-fiction D.B.Act.Division D.B.Act.Division 03/08/2010 DBAD / PUB 195.00 624.0151825 SAI EN-81536 1 195.00 English Books
      Non-fiction Mobile Library Mobile Library 09/05/2011 Allied Pub/2846/22.3.11/78/14.3.11/29.3.11 195.00 624.0151825 SAI B-427590 5 195.00 English Books
      Non-fiction Mobile Library Mobile Library 09/05/2011 Allied Pub/2846/22.3.11/78/14.3.11/29.3.11 195.00 624.0151825 SAI B-427591 5 195.00 English Books
      Non-fiction Mobile Library Mobile Library 09/05/2011 Allied Pub/2846/22.3.11/78/14.3.11/29.3.11 195.00 624.0151825 SAI B-427592 5 195.00 English Books
      Non-fiction Mobile Library Mobile Library 09/05/2011 Allied Pub/2846/22.3.11/78/14.3.11/29.3.11 195.00 624.0151825 SAI B-427593 5 195.00 English Books
      Non-fiction Mobile Library Mobile Library 09/05/2011 Allied Pub/2846/22.3.11/78/14.3.11/29.3.11 195.00 624.0151825 SAI B-427594 5 195.00 English Books
  Written-off vide DLB M. No. 383 dt 16.05.19   Non-fiction Patel Nagar Patel Nagar 09/05/2011 Allied Pub/2846/22.3.11/78/14.3.11/29.3.11 195.00 624.0151825 SAI B-427595 1 195.00 English Books
  Written-off vide DLB M. No. 383 dt 16.05.19   Non-fiction R.C.Libraries (BL-IV) R.C.Libraries (BL-IV) 09/05/2011 Allied Pub/2846/22.3.11/78/14.3.11/29.3.11 195.00 624.0151825 SAI B-427600 2 195.00 English Books
      Non-fiction R.C.Libraries (BL-IV) R.C.Libraries (BL-IV) 09/05/2011 Allied Pub/2846/22.3.11/78/14.3.11/29.3.11 195.00 624.0151825 SAI B-427601 2 195.00 English Books
      Non-fiction Sarojini Nagar Sarojini Nagar 09/05/2011 Allied Pub/2846/22.3.11/78/14.3.11/29.3.11 195.00 624.0151825 SAI B-427596 1 195.00 English Books
      Non-fiction Shahdara Branch Shahdara Branch 09/05/2011 Allied Pub/2846/22.3.11/78/14.3.11/29.3.11 195.00 624.0151825 SAI B-427598 1 195.00 English Books
      Non-fiction Yojana Vihar Yojana Vihar 09/05/2011 Allied Pub/2846/22.3.11/78/14.3.11/29.3.11 195.00 624.0151825 SAI B-427599 1 195.00 English Books

© Delhi Public Library
Hit Counter
free hit counter